000 00733cam a2200217 4500
008 000000n1999 000 0 eng u
020 _a0727727109
035 _a(Sirsi) u102904
050 _a658.404
100 _aLoftus, J.
_xeditor
245 _aProject management of multiple projects & contracts
260 _aLondon
_bThomas Telford
_c1999
300 _avii, 194p. ; 24cm.
350 _a35.00
520 _aProvides clear and detailed guidance on practical methods in contract and project management which have been successfully tried and tested in the construction industry.
650 _aCOST ESTIMATING
650 _aPROJECT MANAGERS
650 _aBUDGETING
690 _aProject management
_96261
942 _n0
999 _c100074
_d100074